Bosquejo historico de los partidos politicos chilenos /

Saved in:
Bibliographic Details
Main Author: Edwards, Alberto, 1874-1932
Format: Book
Language:English
Published: Santiago de Chile : Editorial del Pacifico, 1976 .
Series:Alta mar
Subjects:
LEADER 01053nam a2200253 i 4500
001 c000235827
003 CARM
005 00000000000000.0
008 840301s1976 cl 0 eng d
019 1 |a 881226  |5 LACONCORD2021 
035 |a (OCoLC)2555044  |5 LACONCORD2021 
082 0 4 |a 324.283 
100 1 |a Edwards, Alberto,  |d 1874-1932. 
245 1 0 |a Bosquejo historico de los partidos politicos chilenos /  |c Alberto Edwards . 
260 |a Santiago de Chile :  |b Editorial del Pacifico,  |c 1976 . 
300 |a 143 p. ;  |c 19 cm. 
440 0 |a Alta mar 
650 0 |a Political parties  |z Chile  |x History. 
651 0 |a Chile  |x Politics and government  |y 1824-1920. 
852 8 |b CARM  |h A2:AH04H0  |i A04067  |p 0335098  |f BK 
852 8 |b CARM  |h A1:AM06B0  |i A04917  |p 0425865  |f BK 
999 f f |i 7fbe58fe-9406-5e24-8b4a-7d2e48b94cba  |s 8aec66b9-e7fa-54cb-8841-3ce21321f00a 
952 f f |p Can circulate  |a CAVAL  |b CAVAL  |c CAVAL  |d CARM 1 Store  |e A04067  |f A2:AH04H0  |h Other scheme  |i book  |m 0335098 
952 f f |p Can circulate  |a CAVAL  |b CAVAL  |c CAVAL  |d CARM 1 Store  |e A04917  |f A1:AM06B0  |h Other scheme  |i book  |m 0425865